000 00475nam a22001697a 4500
003 OSt
008 260425b |||||||| |||| 00| 0 eng d
082 _a635.642
_bR18S
100 _aRanjan, Amit
245 _aStudies on Genetic Variability and Path Analysis in Tomato (Lycopersicon esculentum Mill.)
260 _aPusa, Samastipur
_bRAU
_c2005
300 _a54P.
502 _bMsc.
_d2005
650 _aVegetable & Floriculture
650 _aHorticulture
942 _2ddc
_cT
999 _c50182
_d50182